Statistics for Countries Quizmaster has been to by Flag Maps

Click here to take the quiz!

General Stats

  • This quiz has been taken 60 times
    (59 since last reset)
  • The average score is 23 of 24

Answer Stats

Answer% Correct
Canada (3 Subdivisions)
100%
Mexico (Baja California)
100%
Australia (5 Subdivisions)
98%
China (Hong Kong)
98%
France (8 Subdivisions)
98%
Germany (3 Subdivisions)
98%
Ireland
98%
Italy (5 Subdivisions)
98%
New Zealand
98%
Spain (3 Subdivisions)
98%
Sweden
98%
UK (4 Subdivisions)
98%
USA (47 Subdivisions)
98%
Austria
96%
Japan
96%
Norway
96%
Denmark
95%
Netherlands
95%
Thailand
95%
Vatican City
95%
Peru
91%
Costa Rica
88%
Monaco
86%
Tanzania
84%

Score Distribution

Percentile by Number Answered

Percent of People with Each Score

Your Score History

You have not taken this quiz since the last reset